[Event "HZ Chess Tournament 2024"]
[Site "Vlissingen, Netherlands"]
[Date "2024.08.07"]
[Round "6.1"]
[White "Ter-Sahakyan, Samvel"]
[Black "Pavlidis, Antonios"]
[Result "1/2-1/2"]
[WhiteElo "2609"]
[BlackElo "2566"]
[PlyCount "55"]

1. e4 e5 2. Nf3 Nc6 3. Bb5 a6 4. Ba4 Nf6 5. O-O Be7 6. d3 b5 7. Bb3 d6 8. c3
O-O 9. h3 h6 10. Re1 Re8 11. Nbd2 Bf8 12. Nf1 Be6 13. Bc2 d5 14. exd5 Bxd5 15.
Ng3 Qd7 16. a4 Rad8 17. b4 Qc8 18. Bd2 Bd6 19. Qe2 Ne7 20. axb5 axb5 21. c4 e4
22. cxd5 exf3 23. Qxf3 Nexd5 24. Bb3 Bxg3 25. Qxg3 Kf8 26. Qf3 c6 27. Rec1 Qd7
28. Ra6 1/2-1/2

[Event "HZ Chess Tournament 2024"]
[Site "Vlissingen, Netherlands"]
[Date "2024.08.07"]
[Round "6.2"]
[White "Beukema, Stefan"]
[Black "L'Ami, Erwin"]
[Result "0-1"]
[WhiteElo "2435"]
[BlackElo "2629"]
[PlyCount "148"]

1. c4 Nf6 2. g3 e5 3. Bg2 c6 4. Nf3 e4 5. Nd4 d5 6. cxd5 Qxd5 7. e3 Qe5 8. f4
exf3 9. Nxf3 Qh5 10. O-O Be7 11. Nc3 Bh3 12. Qb3 Bxg2 13. Kxg2 b5 14. e4 O-O
15. d4 b4 16. Ne2 Qb5 17. Nf4 Nbd7 18. Re1 Rae8 19. a4 Qb7 20. Bd2 a5 21. Rac1
c5 22. e5 Ne4 23. Rxe4 Qxe4 24. e6 Nf6 25. Kg1 fxe6 26. Ng5 Qxd4+ 27. Be3 Qe5
28. Nfxe6 Nd5 29. Bf4 Rxf4 30. gxf4 Qe3+ 31. Qxe3 Nxe3 32. Nxc5 Nd5 33. Nge6
Kf7 34. f5 Ne3 35. Nd4 Rc8 36. Ncb3 Rxc1+ 37. Nxc1 Bc5 38. Ndb3 Bb6 39. Nd3
Nxf5+ 40. Kg2 Ke6 41. Kf3 Nd6 42. Nf4+ Ke5 43. Nd3+ Kf5 44. Nd2 g5 45. h3 h5
46. b3 Bd4 47. Nf1 g4+ 48. hxg4+ hxg4+ 49. Ke2 Kg5 50. Ne1 Nf5 51. Kd3 Bf2 52.
Ng2 Bb6 53. Nd2 g3 54. Kc4 Kg4 55. Kb5 Bc7 56. Ne1 Nd4+ 57. Kc4 Bf4 58. Ne4 Nf3
59. Nf6+ Kf5 60. Nxf3 Kxf6 61. Ne1 Kf5 62. Kd3 Bh6 63. Ng2 Bg5 64. Ne1 Kf4 65.
Kd4 Bd8 66. Kd3 Bb6 67. Ke2 Ke4 68. Ng2 Bf2 69. Nh4 Be3 70. Ng2 Bh6 71. Nh4 Bg5
72. Nf3 Bf4 73. Ne1 Kd4 74. Ng2 Bg5 0-1

[Event "HZ Chess Tournament 2024"]
[Site "Vlissingen, Netherlands"]
[Date "2024.08.07"]
[Round "6.3"]
[White "Fernandez, Daniel Howard"]
[Black "Leenhouts, Koen"]
[Result "1/2-1/2"]
[WhiteElo "2519"]
[BlackElo "2446"]
[PlyCount "92"]

1. e4 c5 2. Nf3 e6 3. g3 Nc6 4. Bg2 Nf6 5. Qe2 d5 6. exd5 Nxd5 7. O-O Be7 8.
Rd1 Qb6 9. c3 O-O 10. d4 cxd4 11. Nxd4 Nxd4 12. Rxd4 Bf6 13. Rd1 Bd7 14. h4 Ba4
15. Re1 Rac8 16. Bg5 Bb5 17. Qd1 Rfd8 18. Qb3 h6 19. Bd2 Qa6 20. Na3 Ba4 21.
Bf1 Qc6 22. Bb5 Bxb5 23. Qxb5 Qxb5 24. Nxb5 a6 25. Na3 b5 26. Rac1 Nb6 27. Nb1
Nc4 28. Rc2 Ne5 29. Kf1 b4 30. Re4 Nd3 31. b3 Bd4 32. Re2 a5 33. c4 e5 34. Be3
f5 35. Nd2 Nc5 36. Bxd4 exd4 37. Re5 g6 38. h5 Re8 39. Rd5 d3 40. Rc1 gxh5 41.
Re1 Ne4 42. Nxe4 fxe4 43. Rxh5 a4 44. Rxh6 axb3 45. axb3 Rcd8 46. Rh4 e3
1/2-1/2

[Event "HZ Chess Tournament 2024"]
[Site "Vlissingen, Netherlands"]
[Date "2024.08.07"]
[Round "6.4"]
[White "Syrov, Arkadi"]
[Black "Bharath Subramaniyam H"]
[Result "1/2-1/2"]
[WhiteElo "2263"]
[BlackElo "2566"]
[PlyCount "140"]

1. e4 c5 2. Nf3 d6 3. d4 cxd4 4. Nxd4 Nf6 5. Nc3 a6 6. Be3 e5 7. Nb3 Be6 8. f3
Be7 9. Qd2 h5 10. Nd5 Nxd5 11. exd5 Bf5 12. c4 b6 13. Be2 Bh4+ 14. g3 Be7 15.
Rc1 Nd7 16. Na1 Bh3 17. Nc2 a5 18. Na3 O-O 19. Nb5 Nc5 20. Nc3 f5 21. f4 exf4
22. gxf4 Bf6 23. Kd1 Bg4 24. Bxg4 fxg4 25. Kc2 Qd7 26. Kb1 Rae8 27. Ka1 a4 28.
Nb5 Re4 29. Rhe1 Bh4 30. Bxc5 Rxe1 31. Bxd6 Rxc1+ 32. Qxc1 Rc8 33. Qf1 Bf6 34.
a3 h4 35. f5 Re8 36. Bb4 Be5 37. Qf2 g3 38. hxg3 hxg3 39. Qf3 Rc8 40. d6 Qf7
41. Bc3 Bxc3 42. Nxc3 Qxc4 43. Nd5 Qc1+ 44. Ka2 Qc4+ 45. Ka1 Qc1+ 46. Ka2 Rc2
47. Ne7+ Kh7 48. Qh5+ Qh6 49. Qe8 Qxd6 50. Qh5+ Qh6 51. Qe8 Qf6 52. Qh5+ Qh6
53. Qe8 Rxb2+ 54. Kxb2 Qd2+ 55. Kb1 Qd1+ 56. Kb2 Qd2+ 57. Kb1 Qd3+ 58. Kc1
Qxa3+ 59. Kb1 Qb4+ 60. Ka1 Qc3+ 61. Kb1 Qe1+ 62. Ka2 Qe2+ 63. Kb1 Qd1+ 64. Ka2
Qe2+ 65. Kb1 Qe4+ 66. Ka2 Qc4+ 67. Kb1 Qb3+ 68. Ka1 Qc3+ 69. Ka2 Qb3+ 70. Ka1
Qd1+ 1/2-1/2

[Event "HZ Chess Tournament 2024"]
[Site "Vlissingen, Netherlands"]
[Date "2024.08.07"]
[Round "6.5"]
[White "Bezemer, Arno"]
[Black "Ferreira, Jorge Viterbo"]
[Result "0-1"]
[WhiteElo "2223"]
[BlackElo "2523"]
[PlyCount "58"]

1. d4 Nf6 2. c4 e6 3. Nc3 d5 4. Bg5 Be7 5. Nf3 Nbd7 6. e3 h6 7. Bh4 O-O 8. Rc1
a6 9. a3 dxc4 10. Bxc4 b5 11. Ba2 c5 12. O-O Bb7 13. Qe2 Ne4 14. Nxe4 Bxe4 15.
Bxe7 Qxe7 16. Rfd1 c4 17. Ne1 e5 18. f3 Bg6 19. dxe5 Nxe5 20. e4 f5 21. exf5
Rxf5 22. Qf2 Ng4 23. Qb6 Rf6 24. Qd4 Ne3 25. Rd2 Re8 26. Re2 Re6 27. Bb1 Bxb1
28. Rxb1 Rd8 29. Qf4 Nd5 0-1

[Event "HZ Chess Tournament 2024"]
[Site "Vlissingen, Netherlands"]
[Date "2024.08.07"]
[Round "6.6"]
[White "Karacsonyi, Kata"]
[Black "Hausrath, Daniel"]
[Result "0-1"]
[WhiteElo "2184"]
[BlackElo "2469"]
[PlyCount "116"]

1. e4 c6 2. d4 d5 3. Nc3 dxe4 4. Nxe4 Nf6 5. Nxf6+ exf6 6. c3 Bd6 7. Bd3 O-O 8.
Qc2 Re8+ 9. Ne2 h5 10. O-O h4 11. h3 Nd7 12. Bd2 Nf8 13. Rae1 Bc7 14. f4 g6 15.
f5 g5 16. Qd1 Qd6 17. Nf4 Bd7 18. Qh5 Rxe1 19. Rxe1 Re8 20. Rf1 gxf4 21. Bc4
Qe7 22. Re1 Qxe1+ 23. Bxe1 Rxe1+ 24. Kf2 Re7 25. Qg4+ Kh8 26. Qxh4+ Nh7 27. Qh5
Be8 28. h4 b5 29. Bb3 Bd6 30. a3 c5 31. Bd5 cxd4 32. cxd4 b4 33. a4 b3 34. Bxb3
Bb4 35. Qd1 Bd7 36. g4 fxg3+ 37. Kxg3 Bxf5 38. Kf2 a5 39. Qf3 Bg6 40. h5 Be4
41. Qf4 Kg7 42. Bd1 Ng5 43. Bg4 Bd3 44. Kg2 Be4+ 45. Kf2 Bh7 46. Kg2 Re4 47.
h6+ Kxh6 48. Qxf6+ Bg6 49. Bf3 Nxf3 50. Kxf3 Re6 51. Qf4+ Kg7 52. Qg5 Rf6+ 53.
Ke3 Rf5 54. Qg2 Be7 55. Qg4 Bg5+ 56. Ke2 Bf6 57. Kd2 Rd5 58. Kc3 Rxd4 0-1

[Event "HZ Chess Tournament 2024"]
[Site "Vlissingen, Netherlands"]
[Date "2024.08.07"]
[Round "6.7"]
[White "Ikonnikov, Vyacheslav"]
[Black "Boulahfa, Hicham"]
[Result "1/2-1/2"]
[WhiteElo "2447"]
[BlackElo "2001"]
[PlyCount "130"]

1. d4 Nf6 2. Nf3 e6 3. c4 d5 4. Nc3 Bb4 5. Qa4+ Nc6 6. a3 Bxc3+ 7. bxc3 Bd7 8.
Qc2 dxc4 9. e4 b5 10. Bg5 h6 11. Bh4 g5 12. Bg3 Nh5 13. a4 Nxg3 14. hxg3 a6 15.
Be2 g4 16. Nh2 e5 17. d5 Na5 18. axb5 axb5 19. Bxg4 h5 20. Bxd7+ Kxd7 21. Qb2
Nb3 22. Rxa8 Qxa8 23. Nf3 f6 24. O-O Qa4 25. Nd2 Ra8 26. Rb1 Kd6 27. Kf1 Qa2
28. Nxb3 Qxb2 29. Rxb2 cxb3 30. Rxb3 Kc5 31. Ke2 Ra2+ 32. Ke3 Kc4 33. Rb4+ Kc5
34. Rb1 Rc2 35. Kd3 Rxf2 36. Ra1 c6 37. dxc6 Kxc6 38. Ra6+ Kc5 39. Ke3 Rxg2 40.
Rxf6 Rxg3+ 41. Kd2 h4 42. Rh6 h3 43. Kc2 b4 44. cxb4+ Kxb4 45. Kd2 Kc4 46. Ke2
Kd4 47. Kf2 Ra3 48. Rh4 Ra2+ 49. Kf3 h2 50. Rh8 Ra3+ 51. Kg4 Kxe4 52. Rxh2 Kd4
53. Rd2+ Rd3 54. Ra2 e4 55. Kf4 Rf3+ 56. Kg4 Rc3 57. Kf4 e3 58. Kf3 Kd3 59. Re2
Kd4 60. Ra2 Rb3 61. Ke2 Rb4 62. Ra8 Rb2+ 63. Ke1 Rb1+ 64. Ke2 Rb2+ 65. Ke1 Rb1+
1/2-1/2

[Event "HZ Chess Tournament 2024"]
[Site "Vlissingen, Netherlands"]
[Date "2024.08.07"]
[Round "6.8"]
[White "Perestjuk, Marko"]
[Black "De Winter, Arthur"]
[Result "0-1"]
[WhiteElo "2171"]
[BlackElo "2411"]
[PlyCount "56"]

1. c4 e6 2. Nc3 d5 3. e3 Nf6 4. Nf3 b6 5. b3 Bb7 6. Bb2 Nbd7 7. Rc1 a6 8. Be2
Bd6 9. Qc2 c5 10. cxd5 exd5 11. Qf5 O-O 12. d4 g6 13. Qb1 Re8 14. O-O Rc8 15.
dxc5 bxc5 16. Rfd1 Qe7 17. Rd2 d4 18. exd4 Bf4 19. Rcd1 Bxf3 20. gxf3 Bxd2 21.
Rxd2 cxd4 22. Na4 Ne4 23. Rxd4 Qg5+ 24. Kf1 Nd2+ 25. Rxd2 Qxd2 26. Bc4 Ne5 27.
Bc3 Nxc4 28. bxc4 Qf4 0-1

[Event "HZ Chess Tournament 2024"]
[Site "Vlissingen, Netherlands"]
[Date "2024.08.07"]
[Round "6.9"]
[White "Arfan, Aditya Bagus"]
[Black "Tarigan, Gilbert Elroy"]
[Result "0-1"]
[WhiteElo "2405"]
[BlackElo "2359"]
[PlyCount "128"]

1. e4 e5 2. Nf3 Nf6 3. d4 Nxe4 4. Bd3 d5 5. Nxe5 Nd7 6. Nxd7 Bxd7 7. O-O Bd6 8.
Nc3 Nxc3 9. bxc3 O-O 10. Qh5 f5 11. Re1 c6 12. Bg5 Qc7 13. Re3 g6 14. Qh4 Rae8
15. c4 Rxe3 16. fxe3 b6 17. Bh6 Re8 18. cxd5 cxd5 19. Rf1 Be7 20. Qf2 Bf8 21.
Bxf8 Rxf8 22. Qf3 Be6 23. h4 h6 24. a4 Kg7 25. Qf2 Bd7 26. Qf3 Qd6 27. Ra1 f4
28. a5 b5 29. a6 h5 30. exf4 Rxf4 31. Qe3 Rxh4 32. Qe5+ Qxe5 33. dxe5 Ra4 34.
Rd1 Rxa6 35. Be4 dxe4 36. Rxd7+ Kf8 37. Kf2 Ra3 38. Rd6 Kf7 39. Rf6+ Kg7 40.
Rf4 e3+ 41. Kf3 Ra4 42. Rf6 Re4 43. Ke2 Rxe5 44. Ra6 Re7 45. Ra5 Rc7 46. Rxb5
Rxc2+ 47. Kxe3 Rxg2 48. Rb7+ Kh6 49. Rxa7 h4 50. Kf3 Rg3+ 51. Kf2 Rb3 52. Kg2
Kh5 53. Ra8 g5 54. Ra4 Rb2+ 55. Kg1 h3 56. Kh1 g4 57. Ra1 Rd2 58. Rb1 g3 59.
Ra1 Kg4 60. Ra4+ Kf3 61. Ra3+ Kf4 62. Ra1 Ke3 63. Re1+ Kd3 64. Rg1 Rh2# 0-1

[Event "HZ Chess Tournament 2024"]
[Site "Vlissingen, Netherlands"]
[Date "2024.08.07"]
[Round "6.10"]
[White "Manshanden, Nick"]
[Black "Karacsonyi, Gellert"]
[Result "0-1"]
[WhiteElo "2040"]
[BlackElo "2395"]
[PlyCount "48"]

1. e4 e6 2. d4 d5 3. Nd2 Be7 4. Ngf3 Nf6 5. e5 Nfd7 6. Bd3 c5 7. c3 Nc6 8. O-O
a5 9. Bc2 b5 10. dxc5 Nxc5 11. Re1 d4 12. cxd4 Nxd4 13. Nxd4 Qxd4 14. Ne4 Qxe5
15. Bg5 Qc7 16. Bxe7 Kxe7 17. Rc1 Bb7 18. Qd4 Rac8 19. Ng3 Kf8 20. Be4 Ba6 21.
Red1 Qe7 22. Qd6 Qxd6 23. Rxd6 Ke7 24. Rb6 Nxe4 0-1

[Event "HZ Chess Tournament 2024"]
[Site "Vlissingen, Netherlands"]
[Date "2024.08.07"]
[Round "6.11"]
[White "De Boer, Eelke"]
[Black "Omota, Vlad"]
[Result "1-0"]
[WhiteElo "2270"]
[BlackElo "1919"]
[PlyCount "67"]

1. e4 e6 2. d4 d5 3. Nc3 Bb4 4. e5 c5 5. a3 Bxc3+ 6. bxc3 Nc6 7. Qg4 g6 8. Qf4
Qa5 9. Bd2 c4 10. h4 h6 11. Nf3 Rh7 12. Nh2 Bd7 13. Ng4 O-O-O 14. Be2 Nce7 15.
h5 g5 16. Qh2 Rf8 17. f4 f5 18. exf6 Nxf6 19. Nxf6 Rxf6 20. fxg5 hxg5 21. Qg3
Rf8 22. Rf1 Rg8 23. Rf6 Nf5 24. Qe5 Qb6 25. g4 Ne7 26. Rc1 Qb2 27. Qd6 a5 28.
Kf2 Re8 29. Kg3 Nf5+ 30. gxf5 exf5 31. Rf8 f4+ 32. Kf2 Rh8 33. Rxh8 Rxh8 34.
Qxd5 1-0

[Event "HZ Chess Tournament 2024"]
[Site "Vlissingen, Netherlands"]
[Date "2024.08.07"]
[Round "6.12"]
[White "Kazarjan, Gachatur"]
[Black "Van Delft, Merijn"]
[Result "1/2-1/2"]
[WhiteElo "2100"]
[BlackElo "2360"]
[PlyCount "126"]

1. e4 c5 2. Nf3 d6 3. d4 cxd4 4. Nxd4 Nf6 5. Nc3 a6 6. h3 e6 7. g4 d5 8. exd5
Nxd5 9. Nde2 Nc6 10. Nxd5 exd5 11. Be3 h5 12. Qd2 hxg4 13. O-O-O Be7 14. Bg2
gxh3 15. Qc3 Bf6 16. Qc5 Qe7 17. Bxd5 Qxc5 18. Bxc5 Be6 19. Bxe6 fxe6 20. Nf4
Bg5 21. Be3 Bxf4 22. Bxf4 Rd8 23. Rde1 Rd4 24. Bg3 Kf7 25. Re3 g5 26. Bc7 Rdh4
27. Rb3 Kg6 28. Bg3 R4h7 29. Re3 e5 30. c3 Kf5 31. Bh2 Re8 32. b4 Ree7 33. Rd1
g4 34. Rd2 Rhf7 35. f3 g3 36. Bxg3 Rg7 37. Bh2 Rg2 38. Ree2 Reg7 39. a4 b5 40.
axb5 axb5 41. Kc2 Rxe2 42. Rxe2 Rg2 43. Rxg2 hxg2 44. Kd3 Ke6 45. Ke4 Na7 46.
f4 exf4 47. Kxf4 Kd5 48. Kf3 Kc4 49. Kxg2 Kxc3 50. Kf3 Nc6 51. Ke3 Nxb4 52.
Be5+ Kc4 53. Kd2 Nd3 54. Bd6 Nc5 55. Bxc5 Kxc5 56. Kc3 b4+ 57. Kb3 Kb5 58. Kb2
Kc4 59. Kc2 b3+ 60. Kb2 Kb4 61. Kb1 Kc3 62. Kc1 b2+ 63. Kb1 Kb3 1/2-1/2

[Event "HZ Chess Tournament 2024"]
[Site "Vlissingen, Netherlands"]
[Date "2024.08.07"]
[Round "6.13"]
[White "Harreman, Joeri"]
[Black "Setyaki, Azarya Jodi"]
[Result "0-1"]
[WhiteElo "1658"]
[BlackElo "2370"]
[PlyCount "42"]

1. d4 d5 2. c4 Nc6 3. Nf3 Bg4 4. Nc3 e6 5. cxd5 exd5 6. a3 Nf6 7. Bg5 Bxf3 8.
exf3 Be7 9. Be2 O-O 10. O-O Nd7 11. Bxe7 Nxe7 12. b4 a5 13. b5 Nb6 14. a4 Nf5
15. Bd3 Qf6 16. Bxf5 Qxf5 17. Re1 Rfe8 18. Qb3 Rxe1+ 19. Rxe1 Qd3 20. Rd1 Re8
21. Qa3 Qxd1+ 0-1

[Event "HZ Chess Tournament 2024"]
[Site "Vlissingen, Netherlands"]
[Date "2024.08.07"]
[Round "6.14"]
[White "Karsay, Pascal"]
[Black "Margarido, Jose Miguel Tei"]
[Result "1-0"]
[WhiteElo "2357"]
[BlackElo "2112"]
[PlyCount "69"]

1. d4 Nf6 2. c4 e6 3. g3 Bb4+ 4. Bd2 Qe7 5. Bg2 Bxd2+ 6. Nxd2 d6 7. e3 e5 8.
Ne2 O-O 9. O-O c6 10. Nc3 Bf5 11. h3 Bd3 12. Re1 e4 13. b3 d5 14. Na4 b5 15.
Nb2 bxc4 16. bxc4 dxc4 17. Ndxc4 Bxc4 18. Nxc4 Nbd7 19. Qa4 c5 20. Red1 Rfd8
21. Na5 Nb6 22. Qa3 Rdc8 23. Rac1 Nbd7 24. Nb3 Rc7 25. Rc2 Rac8 26. Rdc1 h5 27.
Nxc5 Nxc5 28. Rxc5 Nd7 29. Rxc7 Qxa3 30. Rxc8+ Nf8 31. R1c7 h4 32. g4 Kh7 33.
Bxe4+ Kh6 34. Rxf7 Ne6 35. Rh8+ 1-0

[Event "HZ Chess Tournament 2024"]
[Site "Vlissingen, Netherlands"]
[Date "2024.08.07"]
[Round "6.15"]
[White "De Jong, Migchiel"]
[Black "Wink, Luka"]
[Result "1-0"]
[WhiteElo "2313"]
[BlackElo "2090"]
[PlyCount "109"]

1. Nf3 f5 2. d3 Nc6 3. d4 e6 4. g3 Nf6 5. Bg2 d6 6. O-O Be7 7. b3 O-O 8. Bb2
Ne4 9. Nbd2 Bf6 10. e3 Nxd2 11. Qxd2 e5 12. d5 Ne7 13. c4 Qe8 14. Rac1 Qh5 15.
c5 f4 16. cxd6 cxd6 17. exf4 exf4 18. Rfe1 Bxb2 19. Qxb2 Nxd5 20. Ne5 Nf6 21.
Nd3 fxg3 22. hxg3 Qf7 23. Qd4 Bf5 24. Nf4 Rfd8 25. Rc3 Rd7 26. Rec1 Re8 27. Nd5
Nxd5 28. Bxd5 Be6 29. Rf3 Qg6 30. Bxe6+ Qxe6 31. Qxa7 Qd5 32. Qe3 Ra8 33. Rc4
Rf7 34. Rxf7 Qxf7 35. a4 h6 36. Rf4 Qd5 37. Rd4 Qe5 38. Qxe5 dxe5 39. Rd7 b6
40. Rb7 Ra6 41. Kg2 e4 42. Kf1 h5 43. Ke2 g5 44. Ke3 h4 45. gxh4 gxh4 46. Kf4
Kf8 47. Kg4 Ke8 48. Kxh4 Kd8 49. Kg4 Kc8 50. Re7 b5 51. Rxe4 bxa4 52. bxa4 Kd7
53. f4 Rg6+ 54. Kh5 Rg1 55. f5 1-0

[Event "HZ Chess Tournament 2024"]
[Site "Vlissingen, Netherlands"]
[Date "2024.08.07"]
[Round "6.16"]
[White "Lacrosse, Marc"]
[Black "Rappazzo, Johannes"]
[Result "0-1"]
[WhiteElo "2112"]
[BlackElo "2278"]
[PlyCount "66"]

1. d4 Nf6 2. c4 g6 3. Nc3 Bg7 4. e4 d6 5. Nf3 O-O 6. Be2 e5 7. Be3 Ng4 8. Bg5
f6 9. Bh4 Nc6 10. d5 Ne7 11. Nd2 f5 12. h3 Nf6 13. g4 c6 14. f3 Bd7 15. Qb3
cxd5 16. cxd5 b5 17. Rc1 Rb8 18. O-O Kh8 19. Qb4 Nc8 20. Nb3 Bh6 21. Rc2 Nxd5
22. Nxd5 Qxh4 23. Kg2 Nb6 24. Nxb6 fxg4 25. fxg4 Be3 26. Bf3 Rxb6 27. Rc7 Qd8
28. Qc3 b4 29. Qc2 Bf4 30. Rxa7 Rc6 31. Qe2 Qc8 32. Rf2 Be6 33. Ra5 Qd8 0-1

[Event "HZ Chess Tournament 2024"]
[Site "Vlissingen, Netherlands"]
[Date "2024.08.07"]
[Round "6.17"]
[White "Nieuwelink, Kees"]
[Black "Stillger, Bernhard"]
[Result "1-0"]
[WhiteElo "2084"]
[BlackElo "2263"]
[PlyCount "138"]

1. e4 c5 2. Nf3 d6 3. d4 cxd4 4. Nxd4 Nf6 5. Nc3 a6 6. Bg5 e6 7. Bc4 Be7 8. Bb3
O-O 9. Qf3 Nbd7 10. O-O-O Qc7 11. Rhe1 Nc5 12. Qh3 b5 13. f4 Bb7 14. Kb1 b4 15.
e5 dxe5 16. fxe5 Nfe4 17. Nxe4 Bxe4 18. Bxe7 Qxe7 19. Qg4 Bg6 20. Nc6 Qc7 21.
Nxb4 a5 22. Nd3 Bxd3 23. cxd3 Nxb3 24. axb3 Qb7 25. Re3 a4 26. bxa4 Qb3 27. Re4
Rab8 28. Rd2 Rb7 29. Qd1 Qa3 30. Rc4 Rfb8 31. Qc1 g6 32. Rc8+ Kg7 33. Rxb8 Rxb8
34. Qc7 Rb4 35. Qc2 Rb3 36. Qc4 Rb4 37. Qa2 Qxa4 38. Qxa4 Rxa4 39. Kc2 f6 40.
b3 Ra7 41. exf6+ Kxf6 42. b4 Ra8 43. d4 Ke7 44. Kd3 Kd6 45. Ke4 Ra1 46. Rb2
Re1+ 47. Kd3 Rd1+ 48. Ke3 Re1+ 49. Kf3 Rf1+ 50. Ke4 Re1+ 51. Kd3 Rd1+ 52. Kc3
Rc1+ 53. Rc2 Rh1 54. h3 Kd5 55. b5 Rb1 56. Rb2 Rc1+ 57. Kd3 Ra1 58. b6 Ra3+ 59.
Ke2 Ra8 60. b7 Rb8 61. Ke3 e5 62. dxe5 Kxe5 63. Rb5+ Kd6 64. Kf4 Ke7 65. Kg5
Kf7 66. Kh6 Kg8 67. g4 g5 68. Rxg5+ Kh8 69. Rc5 Rxb7 1-0

[Event "HZ Chess Tournament 2024"]
[Site "Vlissingen, Netherlands"]
[Date "2024.08.07"]
[Round "6.18"]
[White "Grochal, Joey"]
[Black "Marzano, Carlo"]
[Result "1-0"]
[WhiteElo "2251"]
[BlackElo "2079"]
[PlyCount "51"]

1. d4 d5 2. c4 dxc4 3. e4 b5 4. a4 c6 5. axb5 cxb5 6. Nc3 Qb6 7. Nd5 Qb7 8. Bf4
e5 9. Bxe5 Nd7 10. Nc7+ Kd8 11. Nd5 Ngf6 12. Bc7+ Ke8 13. Ba5 Nxd5 14. exd5 Nf6
15. Be2 Nxd5 16. Bf3 Be6 17. Ne2 Qd7 18. O-O Rc8 19. Re1 Be7 20. Bxd5 Bxd5 21.
Nc3 Kf8 22. Rxe7 Kxe7 23. Bb4+ Kf6 24. Qh5 Bxg2 25. Kxg2 Qb7+ 26. Nd5+ 1-0

[Event "HZ Chess Tournament 2024"]
[Site "Vlissingen, Netherlands"]
[Date "2024.08.07"]
[Round "6.19"]
[White "Van der Zalm, Marnix"]
[Black "Honkoop, Gilian"]
[Result "1-0"]
[WhiteElo "2071"]
[BlackElo "2189"]
[PlyCount "53"]

1. d4 Nf6 2. c4 e6 3. Nc3 Bb4 4. e3 O-O 5. Bd3 c5 6. Nge2 cxd4 7. exd4 d5 8. a3
dxc4 9. Bxc4 Bxc3+ 10. bxc3 b6 11. O-O Bb7 12. Ba2 Nbd7 13. c4 Qc7 14. Bb2 Rfd8
15. Rc1 Rac8 16. Ng3 Qc6 17. f3 b5 18. d5 Qc5+ 19. Kh1 exd5 20. cxd5 Qf8 21.
Rxc8 Bxc8 22. Ne4 Nxe4 23. fxe4 Qd6 24. Qd4 Qg6 25. e5 Nb6 26. e6 Bxe6 27. dxe6
1-0

[Event "HZ Chess Tournament 2024"]
[Site "Vlissingen, Netherlands"]
[Date "2024.08.07"]
[Round "6.20"]
[White "Herzel, Dieter"]
[Black "De Rycke, Tyani"]
[Result "1/2-1/2"]
[WhiteElo "2052"]
[BlackElo "2122"]
[PlyCount "68"]

1. e4 c5 2. Be2 Nc6 3. f4 g6 4. Nf3 Bg7 5. d3 d6 6. O-O e6 7. c3 Nge7 8. Na3
O-O 9. Qe1 a6 10. Qh4 f5 11. Nc2 b5 12. Bd2 Bd7 13. Qg3 b4 14. e5 bxc3 15. bxc3
Qc7 16. exd6 Qxd6 17. Ne3 Qc7 18. Nc4 Rab8 19. Rab1 Rxb1 20. Rxb1 Rb8 21. Rb3
Rxb3 22. axb3 Na5 23. Nxa5 Qxa5 24. Ne5 Qa2 25. Qe1 Be8 26. b4 cxb4 27. cxb4
Nc6 28. Nxc6 Bxc6 29. Qc1 Qa1 30. Qxa1 Bxa1 31. Be3 Bc3 32. Bc5 a5 33. bxa5
Bxa5 34. Kf2 Kf7 1/2-1/2

[Event "HZ Chess Tournament 2024"]
[Site "Vlissingen, Netherlands"]
[Date "2024.08.07"]
[Round "6.21"]
[White "Kools, Thomas"]
[Black "Kamphuis, Jasper"]
[Result "1-0"]
[WhiteElo "2116"]
[BlackElo "2059"]
[PlyCount "87"]

1. e4 e5 2. Nf3 Nc6 3. Bc4 Nf6 4. d3 Bc5 5. c3 h6 6. O-O d6 7. Re1 Bg4 8. h3
Bh5 9. Nbd2 g5 10. d4 Bb6 11. g4 Bg6 12. Bb5 O-O 13. Bxc6 bxc6 14. dxe5 dxe5
15. Qa4 h5 16. Nxe5 hxg4 17. hxg4 Qc8 18. Qd1 Qe6 19. Ndc4 Kg7 20. Qf3 Rh8 21.
Bxg5 Nh7 22. Bf4 Nf8 23. Bg3 Rh6 24. Qf4 Bc5 25. b4 Be7 26. Ne3 Nh7 27. Nf5+
Bxf5 28. gxf5 Qc8 29. Rad1 Qh8 30. Nxf7 Kxf7 31. Qxh6 Rg8 32. Rd3 Ke8 33. Red1
Nf6 34. Qxh8 Rxh8 35. e5 Nd5 36. f6 Bf8 37. c4 Nxb4 38. Rd7 Nd5 39. cxd5 Kxd7
40. e6+ Kc8 41. e7 Bxe7 42. fxe7 Kd7 43. dxc6+ Kxe7 44. Rd7+ 1-0

[Event "HZ Chess Tournament 2024"]
[Site "Vlissingen, Netherlands"]
[Date "2024.08.07"]
[Round "6.22"]
[White "Van der Werf, Joel"]
[Black "Verhoeven, Robin"]
[Result "0-1"]
[WhiteElo "2114"]
[BlackElo "2059"]
[PlyCount "102"]

1. e4 c6 2. d4 d5 3. e5 Bf5 4. Nd2 e6 5. Nb3 Nd7 6. Nf3 h6 7. Be2 Ne7 8. O-O g5
9. a4 Bg7 10. a5 Qc7 11. Bd2 f6 12. exf6 Bxf6 13. Ne5 Nxe5 14. dxe5 Bxe5 15.
Bh5+ Kd8 16. h3 c5 17. Re1 Rf8 18. a6 b6 19. Nxc5 Bh2+ 20. Kh1 Qxc5 21. Kxh2
Qxf2 22. Ra4 Rc8 23. c4 Bxh3 24. Bf3 g4 25. Be3 Qh4 26. g3 Qh5 27. Be4 Bf1+ 28.
Kg1 Bxc4 29. Bg2 Bb5 30. Rxg4 Rc4 31. Rg8 Qe8 32. Rxf8 Qxf8 33. Bf1 Rb4 34. Qd2
Nf5 35. Bxb6+ axb6 36. a7 Qc5+ 37. Qf2 Qxf2+ 38. Kxf2 Rxb2+ 39. Kg1 Bc6 40.
Rxe6 Nd4 41. Rf6 Ra2 42. Bd3 Rxa7 43. Kf2 Re7 44. Rxh6 Kc7 45. g4 Bb5 46. Bh7
Rg7 47. Rh4 Bd7 48. g5 Nf5 49. Rh5 Be8 50. g6 Ne7 51. Re5 Kd6 0-1

[Event "HZ Chess Tournament 2024"]
[Site "Vlissingen, Netherlands"]
[Date "2024.08.07"]
[Round "6.24"]
[White "Duijker, Rick"]
[Black "Hng, Mei-Xian Eunice"]
[Result "0-1"]
[WhiteElo "2186"]
[BlackElo "2019"]
[PlyCount "80"]

1. e4 d6 2. d4 Nf6 3. Nc3 g6 4. Be3 Bg7 5. Qd2 c6 6. f3 b5 7. O-O-O b4 8. Nce2
a5 9. Kb1 Qc7 10. g4 h5 11. g5 Nfd7 12. f4 Nb6 13. Nc1 Ba6 14. f5 Bxf1 15. Rxf1
Nc4 16. Qe2 Nxe3 17. Qxe3 Nd7 18. Nge2 c5 19. fxg6 fxg6 20. Qb3 c4 21. Qh3 Nf8
22. Rf2 Qd7 23. Qe3 O-O-O 24. Rf7 Rg8 25. d5 Kb7 26. Nd4 Bxd4 27. Qxd4 Qc7 28.
Ne2 Re8 29. c3 Nd7 30. cxb4 axb4 31. Qd2 Qb6 32. Rc1 Ne5 33. Rff1 Rgf8 34. Qd4
Rf3 35. Qxb6+ Kxb6 36. Nd4 Re3 37. Nc2 Rxe4 38. Nxb4 Rg4 39. Rg1 Rxg1 40. Rxg1
Rf8 0-1

[Event "HZ Chess Tournament 2024"]
[Site "Vlissingen, Netherlands"]
[Date "2024.08.07"]
[Round "6.25"]
[White "Van den Berg, Jeroen"]
[Black "Kumar, Prajit Sai"]
[Result "0-1"]
[WhiteElo "2028"]
[BlackElo "2185"]
[PlyCount "126"]

1. e4 c5 2. Nf3 Nc6 3. Bb5 e6 4. Bxc6 bxc6 5. d3 Ne7 6. Nbd2 d6 7. e5 Nf5 8.
exd6 f6 9. O-O e5 10. Ne4 Bxd6 11. Nfd2 Be7 12. b3 Nd4 13. Ba3 Ne6 14. Nc4 O-O
15. f3 Ba6 16. Qd2 Bxc4 17. dxc4 Qc7 18. Qf2 Qa5 19. Bb2 Rad8 20. Bc3 Qc7 21.
Rad1 Nd4 22. Bb2 f5 23. Ng3 g6 24. Ne2 Nxc2 25. Nf4 exf4 26. Qxc2 Bf6 27. Bxf6
Rxf6 28. Qc3 Kf7 29. Rfe1 Re6 30. h3 Re3 31. Qc1 Rd4 32. Rd2 Qd6 33. Red1 Qe5
34. Kh2 Re2 35. Qc2 Rexd2 36. Rxd2 Qe1 37. Re2 Qf1 38. Rf2 Qe1 39. Qe2 Qc1 40.
Rf1 Rd2 41. Rxc1 Rxe2 42. a3 Rb2 43. Rc3 a5 44. Rd3 Ke7 45. h4 Ke6 46. Kh3 Rb1
47. Kh2 Rb2 48. a4 Rb1 49. g3 Rb2+ 50. Kh3 Ke5 51. gxf4+ Kxf4 52. Rd6 Rxb3 53.
Rxc6 Rxf3+ 54. Kg2 Rg3+ 55. Kh2 Ra3 56. Rxc5 Rxa4 57. Rc7 Ra2+ 58. Kh3 Ra3+ 59.
Kg2 Rc3 60. Rxh7 Rxc4 61. h5 Rc2+ 62. Kf1 g5 63. Ra7 Rh2 0-1

[Event "HZ Chess Tournament 2024"]
[Site "Vlissingen, Netherlands"]
[Date "2024.08.07"]
[Round "6.26"]
[White "Goossens, Hanne"]
[Black "Gosman, Theo"]
[Result "1-0"]
[WhiteElo "2172"]
[BlackElo "2003"]
[PlyCount "71"]

1. e4 e6 2. d4 d5 3. exd5 exd5 4. Nf3 Nc6 5. Bb5 Bd6 6. c4 dxc4 7. d5 a6 8. Ba4
b5 9. dxc6 bxa4 10. O-O Ne7 11. Nbd2 Be6 12. Qxa4 Bd5 13. Nxc4 Bxc6 14. Nxd6+
Qxd6 15. Qf4 Bxf3 16. Qxf3 O-O 17. Bf4 Qb6 18. Be5 Ng6 19. Bc3 Rad8 20. Rfd1
Rfe8 21. Rxd8 Rxd8 22. Re1 Qd6 23. g3 Qd7 24. Qe4 h5 25. h4 Qb5 26. a4 Qd7 27.
Qc4 Qd6 28. Qe2 c5 29. Qxh5 Qd3 30. Qxc5 Qf3 31. Qe3 Qg4 32. Qe2 Qxa4 33. h5
Nf8 34. Bxg7 Kxg7 35. Qe5+ Kh7 36. Qf5+ 1-0

[Event "HZ Chess Tournament 2024"]
[Site "Vlissingen, Netherlands"]
[Date "2024.08.07"]
[Round "6.28"]
[White "Verweij, David"]
[Black "Provoost, Simon"]
[Result "0-1"]
[WhiteElo "2001"]
[BlackElo "2165"]
[PlyCount "78"]

1. Nf3 d5 2. g3 c5 3. Bg2 Nc6 4. d3 e5 5. Nbd2 Be7 6. O-O Be6 7. c3 h5 8. Qa4
Qc7 9. h4 f6 10. e4 d4 11. cxd4 cxd4 12. Nc4 a6 13. Qd1 Nh6 14. a4 Nf7 15. Bd2
Nd6 16. Na3 Na5 17. b4 Nb3 18. Rb1 Nxd2 19. Qxd2 Qd7 20. Qd1 Rc8 21. Rb2 a5 22.
bxa5 Nxe4 23. Nb5 Nc3 24. Qa1 O-O 25. Nd2 Bd8 26. Ne4 Bxa5 27. Nbd6 Rc7 28.
Nxb7 Nxe4 29. Nxa5 Nc5 30. Rb5 Nxd3 31. Qd1 Nc5 32. Qxh5 Nxa4 33. Rb4 Nc3 34.
Nb3 Qd6 35. Rb7 Rxb7 36. Bxb7 Bxb3 37. Bg2 d3 38. Bh3 Bf7 39. Qf3 d2 0-1